Géo-chronologie #4 - Statistiques

Statistiques générales
  • Ce quiz a été pris 38 fois
  • Le résultat moyen est 12 sur 20
Statistiques - réponses
Image Réponse % Correct
Italie
94%
Jamaïque
94%
Rome
94%
1945
91%
2016
88%
1944
85%
Paris
82%
République Démocratique du Congo
76%
Émirats Arabes Unis
71%
Kinshasa
71%
2024
65%
2022
62%
Chine
50%
Louvre Abu Dhabi
50%
Abu Dhabi
41%
Hong Kong
32%
Shelly-Ann Fraser-Pryce
18%
Roi Philippe de Belgique
15%
Giovanni Paolo Panini
3%
Le Port aux parfums
3%
Aucun quiz correspondant
Distribution des résultats
% des personnes avec chaque résultat
Percentile par nombre de réponses
Votre historique - résultats
Vous n’avez pas pris ce quiz